Case study research: principles and practices /
Kaydedildi:
| Yazar: | |
|---|---|
| Materyal Türü: | Kitap |
| Dil: | Spanish |
| Baskı/Yayın Bilgisi: |
Cambridge, New York:
Cambridge University Press,
2007
|
| Etiketler: |
Etiketle
Etiket eklenmemiş, İlk siz ekleyin!
|
MARC
| LEADER | 00000nam a22000007a 4500 | ||
|---|---|---|---|
| 003 | cru CRAI/IIS | ||
| 005 | 20200201062539.0 | ||
| 008 | 200131t2007 -us|||||r|||||||| ||spa|d | ||
| 999 | |c 42692 |d 42692 | ||
| 020 | |a 9780521676564 | ||
| 040 | |c cru CRAI/IIS | ||
| 090 | |a 18.03.01 G369c | ||
| 100 | 1 | |a Gerring, John |9 9030 | |
| 245 | 1 | |a Case study research: |b principles and practices / |c John Gerring | |
| 260 | |a Cambridge, New York: |b Cambridge University Press, |c 2007 | ||
| 300 | |a 265 páginas: |b tablas, gráficos | ||
| 942 | |2 ddc |c LI | ||



